000 00329nam a2200145Ia 4500
008 230718s9999 xx 000 0 und d
041 _aEng.
082 _a891.891
_bQAZ-L
100 _aQazi Ahmed Mahmood
245 0 _aLatini Kahaniya
260 _aPakistan
_bUrdu bazar
_c2015
300 _a163
650 _aLaw
999 _c31630
_d31630